[Event "2. Gap 2008"]
[Site "Gap FRA"]
[Date "2008.04.14"]
[Round "1.1"]
[White "Svetushkin, Dmitry"]
[Black "Pairaud, Jean Rene"]
[Result "1-0"]
[WhiteElo "2568"]
[BlackElo "1730"]
[PlyCount "91"]
[EventDate "2008.04.14"]
[EventType "swiss"]
[EventRounds "9"]
[EventCountry "FRA"]
[Source "lmi"]
[SourceDate "2008.04.14"]

1. e4 g6 2. d4 Bg7 3. f4 d6 4. Nf3 Nd7 5. Bc4 e6 6. Bb3 Ne7 7. O-O b6 8. Nc3
O-O 9. Be3 a5 10. a4 Ba6 11. Re1 c6 12. Qd2 d5 13. e5 Nf5 14. Bf2 h5 15. Ne2 c5
16. c3 c4 17. Bc2 b5 18. axb5 Bxb5 19. h3 Nh6 20. Bh4 Qb6 21. Kh1 f5 22. exf6
Nxf6 23. Ng3 Nf5 24. Re2 Bd7 25. Nxf5 exf5 26. Ne5 Be6 27. Nxg6 Rfb8 28. Bxf5
Bxf5 29. Ne7+ Kh8 30. Nxf5 Ne4 31. Qe1 Qg6 32. Ne7 Qe6 33. f5 Qf7 34. Nxd5 Qxd5
35. Rxe4 Qxf5 36. Re2 Rb5 37. Bg3 Kg8 38. Ra4 Rf8 39. Rxc4 Qd3 40. Rc5 Rxb2 41.
Rxb2 Rf1+ 42. Qxf1 Qxf1+ 43. Kh2 Qc1 44. Rb8+ Kh7 45. Rb7 a4 46. Be5 1-0

[Event "2. Gap 2008"]
[Site "Gap FRA"]
[Date "2008.04.14"]
[Round "1.2"]
[White "Treguer, Jean-Jacques"]
[Black "Prie, Eric"]
[Result "0-1"]
[WhiteElo "1725"]
[BlackElo "2520"]
[PlyCount "58"]
[EventDate "2008.04.14"]
[EventType "swiss"]
[EventRounds "9"]
[EventCountry "FRA"]
[Source "lmi"]
[SourceDate "2008.04.14"]

1. e4 d5 2. exd5 Qxd5 3. Nc3 Qa5 4. Bc4 Nf6 5. d3 Bg4 6. f3 Bd7 7. Nge2 Qb6 8.
d4 Nc6 9. Be3 e6 10. O-O O-O-O 11. Kh1 Nb4 12. a3 Nbd5 13. Bf2 h5 14. Bb3 h4
15. Ne4 h3 16. g3 Nxe4 17. fxe4 Nf6 18. Nc3 Bc6 19. Qe2 Qa5 20. Rfe1 Qh5 21.
Qxh5 Rxh5 22. Rad1 b5 23. Kg1 b4 24. axb4 Bxb4 25. e5 Ng4 26. d5 Nxf2 27. Kxf2
Rf5+ 28. Kg1 exd5 29. Bxd5 Bxc3 0-1

[Event "2. Gap 2008"]
[Site "Gap FRA"]
[Date "2008.04.14"]
[Round "1.4"]
[White "Moreau, Lionel"]
[Black "Okhotnik, Vladimir"]
[Result "0-1"]
[WhiteElo "1701"]
[BlackElo "2458"]
[PlyCount "64"]
[EventDate "2008.04.14"]
[EventType "swiss"]
[EventRounds "9"]
[EventCountry "FRA"]
[Source "lmi"]
[SourceDate "2008.04.14"]

1. d4 c5 2. c3 g6 3. e3 Bg7 4. Bd3 d6 5. h3 Nc6 6. Nf3 Nf6 7. Qc2 O-O 8. O-O b6
9. a3 a5 10. b3 Bb7 11. Nbd2 cxd4 12. Nxd4 e5 13. Nxc6 Bxc6 14. Bb2 Qc7 15. a4
Qb7 16. f3 Bh6 17. e4 Bf4 18. Rae1 Nh5 19. Nc4 b5 20. axb5 Bxb5 21. Ne3 Bxd3
22. Qxd3 Qxb3 23. Rb1 Bxe3+ 24. Qxe3 Rfb8 25. Qd3 Qa2 26. Rf2 Nf4 27. Qxd6
Qxb1+ 28. Kh2 Rxb2 29. Qxe5 Rxf2 30. Qxf4 Qf1 31. Qg4 Rd8 32. Kg3 Rxg2+ 0-1

[Event "2. Gap 2008"]
[Site "Gap FRA"]
[Date "2008.04.14"]
[Round "1.6"]
[White "Souptes, Christian"]
[Black "Borsos, Bogdan"]
[Result "0-1"]
[WhiteElo "1560"]
[BlackElo "2354"]
[PlyCount "48"]
[EventDate "2008.04.14"]
[EventType "swiss"]
[EventRounds "9"]
[EventCountry "FRA"]
[Source "lmi"]
[SourceDate "2008.04.14"]

1. e4 e5 2. Nf3 Nc6 3. Bb5 a6 4. Ba4 d6 5. c3 Bd7 6. O-O Nge7 7. d4 h6 8. d5
Nb8 9. Bc2 Ng6 10. Be3 Be7 11. c4 Bg5 12. Qd2 Nf4 13. Nxg5 hxg5 14. Nc3 Qf6 15.
f3 b6 16. Bxf4 gxf4 17. h3 Qg5 18. Rf2 Rxh3 19. g3 Rxg3+ 20. Rg2 Bh3 21. Rxg3
Qxg3+ 22. Kh1 Qxf3+ 23. Kg1 Qg3+ 24. Kh1 f3 0-1

[Event "2. Gap 2008"]
[Site "Gap FRA"]
[Date "2008.04.14"]
[Round "1.7"]
[White "Forthofer, Robert"]
[Black "Astier, Sylvain"]
[Result "1/2-1/2"]
[WhiteElo "2253"]
[BlackElo "1653"]
[PlyCount "166"]
[EventDate "2008.04.14"]
[EventType "swiss"]
[EventRounds "9"]
[EventCountry "FRA"]
[Source "lmi"]
[SourceDate "2008.04.14"]

1. e4 e5 2. f4 d5 3. exd5 Qxd5 4. Nc3 Qe6 5. Nf3 Nc6 6. Bb5 Bd7 7. Qe2 Bd6 8.
Bxc6 Bxc6 9. Nxe5 Bxe5 10. fxe5 O-O-O 11. O-O Nh6 12. d3 Nf5 13. Qf2 g6 14. Bf4
h5 15. Ne4 Rd4 16. c3 Ra4 17. Nc5 Rxf4 18. Qxf4 Qd5 19. Ne4 Qxd3 20. Ng3 Rg8
21. Rf2 Nxg3 22. Qxg3 Qxg3 23. hxg3 Bd5 24. b3 Re8 25. c4 Be6 26. Rd2 b6 27.
Kf2 Bg4 28. Re1 Kb7 29. Re3 Kc6 30. a3 a5 31. Rd5 Be6 32. Rd4 Bg4 33. Rf4 Bf5
34. Rd4 Bg4 35. Ke1 Be6 36. Kd2 Bf5 37. Kc3 Be6 38. Rd2 Bf5 39. Re1 Bg4 40. Kd4
Bf5 41. Rc1 Rh8 42. Ke3 g5 43. Rf1 Be6 44. Rd4 Rb8 45. Rh1 Bg4 46. Rd5 Be6 47.
Rd2 Bg4 48. Rf2 b5 49. Rf6+ Be6 50. Kd4 bxc4 51. bxc4 Rb3 52. Rf3 Rb2 53. Rxh5
g4 54. Rc3 Rxg2 55. Rh1 Rd2+ 56. Ke3 Rg2 57. Kd4 Rd2+ 58. Ke3 Rg2 59. Kf4 Rf2+
60. Kg5 Re2 61. Kf4 Rf2+ 62. Kg5 Re2 63. Kf6 Rf2+ 64. Ke7 Re2 65. Rh5 Rd2 66.
Rh7 Re2 67. Rh5 Rd2 68. Rh7 Re2 69. Rxf7 Bxf7 70. Kxf7 Rxe5 71. Kf6 Re4 72. Kf5
Rd4 73. Ke5 Kc5 74. Kf5 a4 75. Kg5 Rxc4 76. Rxc4+ Kxc4 77. Kxg4 Kd4 78. Kf3 Kd3
79. g4 c5 80. g5 c4 81. g6 c3 82. g7 c2 83. g8=Q c1=Q 1/2-1/2

[Event "2. Gap 2008"]
[Site "Gap FRA"]
[Date "2008.04.14"]
[Round "1.12"]
[White "Roux, Jean-francois"]
[Black "Chevalier, Christian"]
[Result "1-0"]
[WhiteElo "1618"]
[BlackElo "1975"]
[PlyCount "91"]
[EventDate "2008.04.14"]
[EventType "swiss"]
[EventRounds "9"]
[EventCountry "FRA"]
[Source "lmi"]
[SourceDate "2008.04.14"]

1. d4 Nf6 2. c4 e6 3. Nc3 d5 4. cxd5 exd5 5. Bg5 Be7 6. Qc2 Be6 7. e3 Nbd7 8.
Bd3 h6 9. Bh4 c6 10. f3 O-O 11. Nge2 Nb6 12. b3 Rc8 13. Qb2 Re8 14. Bf2 Bd6 15.
O-O Qc7 16. h3 Qe7 17. a3 Nh5 18. g4 Nf6 19. e4 dxe4 20. Nxe4 Bb8 21. Bg3 Bd5
22. Bxb8 Rxb8 23. N2g3 Be6 24. Nc5 Bd5 25. Nf5 Qc7 26. Qd2 Nbd7 27. Nxd7 Qxd7
28. Qf4 Nh7 29. h4 Re6 30. Qxb8+ Re8 31. Qd6 Qxd6 32. Nxd6 Re3 33. Bxh7+ Kxh7
34. Nxb7 Rxb3 35. Nc5 Re3 36. a4 Bxf3 37. Rae1 Rc3 38. Re7 Bd5 39. Rxa7 Rg3+
40. Kh2 Rxg4 41. Nd7 Rxh4+ 42. Kg3 Rxd4 43. Ne5 f6 44. Rxf6 Re4 45. Nxc6 Rc4
46. Ne5 1-0

[Event "2. Gap 2008"]
[Site "Gap FRA"]
[Date "2008.04.14"]
[Round "1.13"]
[White "Pommeret, Jean-Claude"]
[Black "Raffaelli, Alain"]
[Result "1-0"]
[WhiteElo "1923"]
[BlackElo "1550"]
[PlyCount "91"]
[EventDate "2008.04.14"]
[EventType "swiss"]
[EventRounds "9"]
[EventCountry "FRA"]
[Source "lmi"]
[SourceDate "2008.04.14"]

1. e4 e5 2. Nf3 Nc6 3. d4 d6 4. dxe5 dxe5 5. Qxd8+ Kxd8 6. Bc4 f6 7. O-O Bg4 8.
Be3 Bxf3 9. gxf3 Bd6 10. Rd1 Kd7 11. Nc3 a6 12. a4 Nge7 13. Bc5 Rad8 14. Bxd6
cxd6 15. Rd2 Nd4 16. Kg2 Ng6 17. Kg3 Nh4 18. Be2 g5 19. Nd5 f5 20. Ra3 h5 21.
exf5 Ndxf5+ 22. Kh3 g4+ 23. fxg4 hxg4+ 24. Bxg4 Nf3+ 25. Kg2 N3h4+ 26. Kf1 Ke6
27. Ne3 Kf6 28. Nxf5 Nxf5 29. Rf3 Kg5 30. Bxf5 Rdf8 31. Be4 Rd8 32. h3 b6 33.
Rf5+ Kh4 34. Rd1 d5 35. Bxd5 e4 36. Rf4+ Kg5 37. Rxe4 Kf5 38. Red4 Ke5 39. f4+
Kf6 40. Bg2 Rdf8 41. Kf2 Rc8 42. c3 b5 43. axb5 axb5 44. Be4 Rb8 45. Rd6+ Ke7
46. Rd7+ 1-0

[Event "2. Gap 2008"]
[Site "Gap FRA"]
[Date "2008.04.15"]
[Round "2.2"]
[White "Prie, Eric"]
[Black "Labarthe, Arnaud"]
[Result "1-0"]
[WhiteElo "2520"]
[BlackElo "1904"]
[PlyCount "57"]
[EventDate "2008.04.14"]
[EventType "swiss"]
[EventRounds "9"]
[EventCountry "FRA"]
[Source "lmi"]
[SourceDate "2008.04.14"]

1. d4 d5 2. Bf4 c5 3. e3 Nc6 4. c3 Qb6 5. Qb3 c4 6. Qc2 g6 7. Nd2 Nf6 8. e4
Nxe4 9. Nxe4 Bf5 10. f3 dxe4 11. fxe4 e5 12. exf5 exf4 13. Qe2+ Kd7 14. O-O-O
Na5 15. Nf3 Bd6 16. Ne5+ Bxe5 17. Qxe5 Rae8 18. Qxf4 Qd6 19. Qf2 Qe7 20. g3
Qe3+ 21. Qxe3 Rxe3 22. Bg2 Kd6 23. Rde1 Rhe8 24. Rxe3 Rxe3 25. Kd2 Re7 26. Rf1
b5 27. fxg6 hxg6 28. Rf6+ Kd7 29. Ra6 1-0

[Event "2. Gap 2008"]
[Site "Gap FRA"]
[Date "2008.04.15"]
[Round "2.3"]
[White "De La Forest, Laurent"]
[Black "Ninov, Nikolai"]
[Result "0-1"]
[WhiteElo "1870"]
[BlackElo "2509"]
[PlyCount "58"]
[EventDate "2008.04.14"]
[EventType "swiss"]
[EventRounds "9"]
[EventCountry "FRA"]
[Source "lmi"]
[SourceDate "2008.04.14"]

1. e4 c5 2. Nf3 Nf6 3. Nc3 d5 4. exd5 Nxd5 5. Bc4 Nxc3 6. bxc3 e6 7. O-O Qc7 8.
Qe2 Bd6 9. Re1 O-O 10. Ne5 Bxe5 11. Qxe5 Qxe5 12. Rxe5 b6 13. a4 Rd8 14. Ba3
Nc6 15. Re2 Na5 16. Bd3 Bb7 17. Rd1 Rac8 18. Re3 Bc6 19. Rh3 h6 20. Bb5 Bxb5
21. axb5 Nc4 22. Bc1 Nd6 23. c4 Nxc4 24. d3 Nd6 25. Rg3 Ne4 26. Rg4 f5 27. Re1
fxg4 28. Rxe4 c4 29. Rxg4 cxd3 0-1

[Event "2. Gap 2008"]
[Site "Gap FRA"]
[Date "2008.04.15"]
[Round "2.4"]
[White "Okhotnik, Vladimir"]
[Black "Pobedonostzeff, Franck"]
[Result "1-0"]
[WhiteElo "2458"]
[BlackElo "1874"]
[PlyCount "53"]
[EventDate "2008.04.14"]
[EventType "swiss"]
[EventRounds "9"]
[EventCountry "FRA"]
[Source "lmi"]
[SourceDate "2008.04.14"]

1. e4 e6 2. d4 d5 3. exd5 exd5 4. c4 Nf6 5. Nc3 Bb4 6. Bd3 dxc4 7. Bxc4 O-O 8.
Nf3 Nbd7 9. O-O Nb6 10. Bb3 c6 11. h3 Nbd5 12. Qd3 Bd6 13. Nxd5 Nxd5 14. Ng5 f5
15. Bxd5+ cxd5 16. Qb3 Be7 17. Nf3 f4 18. Re1 Rf5 19. Re5 g5 20. Bd2 Bf6 21.
Rxf5 Bxf5 22. Re1 b6 23. Nxg5 Bxg5 24. Re5 Qd7 25. Rxd5 Be6 26. Rxg5+ Kh8 27.
d5 1-0

[Event "2. Gap 2008"]
[Site "Gap FRA"]
[Date "2008.04.15"]
[Round "2.5"]
[White "Hadamard, Olivier"]
[Black "Philippe, Christophe"]
[Result "0-1"]
[WhiteElo "1810"]
[BlackElo "2407"]
[PlyCount "106"]
[EventDate "2008.04.14"]
[EventType "swiss"]
[EventRounds "9"]
[EventCountry "FRA"]
[Source "lmi"]
[SourceDate "2008.04.14"]

1. d4 Nf6 2. c4 c5 3. d5 e6 4. Nc3 exd5 5. cxd5 g6 6. e4 d6 7. f4 Bg7 8. Bd3
O-O 9. Nf3 Bg4 10. O-O Nbd7 11. Rb1 Re8 12. h3 Bxf3 13. Qxf3 a6 14. a4 Qa5 15.
Bd2 c4 16. Bc2 b5 17. axb5 axb5 18. b3 b4 19. Ne2 Qa2 20. Rfc1 Nxe4 21. Bxb4
Ndc5 22. bxc4 Qxc4 23. Bxe4 Qxe4 24. Qxe4 Rxe4 25. Bxc5 dxc5 26. Kf1 Bf8 27.
Rc2 Kg7 28. Kf2 c4 29. Kf3 Rae8 30. Kf2 Bd6 31. Rbc1 h5 32. Ng1 Bxf4 33. Rd1 h4
34. Nf3 Bd6 35. Kf1 Ra8 36. Rdc1 Ra4 37. Rd1 Ra3 38. Re1 Rf4 39. Rec1 Ra4 40.
Ke2 Re4+ 41. Kf1 Kh6 42. Re1 Rf4 43. Re3 Ra5 44. Rec3 Rc5 45. Ke2 g5 46. Nd2
Rxd5 47. Rxc4 Re5+ 48. Kd1 Rf2 49. Rg4 Rd5 50. Ke1 Bg3 51. Rxg3 hxg3 52. Rc6+
Kg7 53. Rc2 Rxg2 0-1

[Event "2. Gap 2008"]
[Site "Gap FRA"]
[Date "2008.04.15"]
[Round "2.6"]
[White "Borsos, Bogdan"]
[Black "Rubino, Adrien"]
[Result "1-0"]
[WhiteElo "2354"]
[BlackElo "1820"]
[PlyCount "25"]
[EventDate "2008.04.14"]
[EventType "swiss"]
[EventRounds "9"]
[EventCountry "FRA"]
[Source "lmi"]
[SourceDate "2008.04.14"]

1. e4 e6 2. d4 d5 3. exd5 exd5 4. c4 Nf6 5. Nc3 Be6 6. cxd5 Nxd5 7. Nf3 Bb4 8.
Qc2 Nc6 9. Bd3 h6 10. O-O Bd6 11. a3 Qf6 12. Be4 Nxd4 13. Qa4+ 1-0

[Event "2. Gap 2008"]
[Site "Gap FRA"]
[Date "2008.04.15"]
[Round "2.10"]
[White "Corneloup, Jerome"]
[Black "Birens, Eric-Andre"]
[Result "0-1"]
[WhiteElo "1750"]
[BlackElo "2046"]
[PlyCount "54"]
[EventDate "2008.04.14"]
[EventType "swiss"]
[EventRounds "9"]
[EventCountry "FRA"]
[Source "lmi"]
[SourceDate "2008.04.14"]

1. b4 e5 2. Bb2 Bxb4 3. Bxe5 Nf6 4. Nf3 O-O 5. e3 d5 6. Bc3 Bd6 7. Be5 c5 8.
Bxd6 Qxd6 9. c4 d4 10. d3 dxe3 11. fxe3 Re8 12. Qc1 Bg4 13. Kf2 Nc6 14. Be2
Bxf3 15. gxf3 Re7 16. Nc3 Rae8 17. Ne4 Nxe4+ 18. dxe4 f5 19. f4 Rxe4 20. Rg1
Rxe3 21. Qxe3 Rxe3 22. Kxe3 Qd4+ 23. Kf3 Qe4+ 24. Kf2 Qxf4+ 25. Bf3 Nd4 26. Rg3
Nxf3 27. Rxf3 Qd4+ 0-1

[Event "2. Gap 2008"]
[Site "Gap FRA"]
[Date "2008.04.15"]
[Round "2.11"]
[White "Aubert-Roueche, Eric"]
[Black "Pommeret, Jean-Claude"]
[Result "1-0"]
[WhiteElo "1730"]
[BlackElo "1923"]
[PlyCount "115"]
[EventDate "2008.04.14"]
[EventType "swiss"]
[EventRounds "9"]
[EventCountry "FRA"]
[Source "lmi"]
[SourceDate "2008.04.14"]

1. e4 d6 2. d4 Nf6 3. Nc3 g6 4. Nf3 Bg7 5. h3 O-O 6. Be3 c6 7. Qd2 Qc7 8. Bh6
Nbd7 9. Bxg7 Kxg7 10. Bd3 e5 11. dxe5 dxe5 12. O-O h6 13. b4 a5 14. a3 axb4 15.
axb4 Rxa1 16. Rxa1 Nb6 17. Ne2 Be6 18. Qc3 Nfd7 19. Ra7 Ra8 20. Rxa8 Nxa8 21.
Nf4 Qd6 22. Nxe6+ Qxe6 23. Qa3 Qe8 24. c4 b6 25. Qa7 c5 26. bxc5 bxc5 27. Bc2
Nab6 28. Ba4 Nxa4 29. Qxa4 Qe6 30. Qc2 Nb6 31. Nd2 Qd6 32. Nf3 Qe6 33. Nd2 Qd6
34. Nf3 Nd7 35. Qd2 Qxd2 36. Nxd2 Kf6 37. h4 Ke6 38. Kf1 Nb8 39. Ke2 Nc6 40.
Nb3 Nd4+ 41. Nxd4+ exd4 42. f4 h5 43. Kf3 Kd6 44. g4 Ke6 45. g5 Kd6 46. Ke2 Kc6
47. Kd3 Kb6 48. Kc2 Ka5 49. f5 Kb6 50. e5 Kc6 51. e6 Kd6 52. exf7 Ke7 53. fxg6
Kf8 54. Kd3 Kg7 55. Ke4 Kf8 56. Kf5 Kg7 57. Ke6 d3 58. Ke7 1-0

[Event "2. Gap 2008"]
[Site "Gap FRA"]
[Date "2008.04.15"]
[Round "2.14"]
[White "Chevalier, Christian"]
[Black "Forthofer, Robert"]
[Result "0-1"]
[WhiteElo "1975"]
[BlackElo "2253"]
[PlyCount "56"]
[EventDate "2008.04.14"]
[EventType "swiss"]
[EventRounds "9"]
[EventCountry "FRA"]
[Source "lmi"]
[SourceDate "2008.04.14"]

1. e4 e6 2. d4 d5 3. Nc3 Bb4 4. Nge2 Nf6 5. Bg5 dxe4 6. a3 Be7 7. Bxf6 Bxf6 8.
Nxe4 Bd7 9. Nxf6+ Qxf6 10. Ng3 Bc6 11. Qd2 Nd7 12. O-O-O h5 13. f3 O-O-O 14.
Ne4 Bxe4 15. fxe4 e5 16. d5 Qh6 17. g3 Nf6 18. Bd3 h4 19. gxh4 Qxd2+ 20. Rxd2
Rxh4 21. Rf2 Rdh8 22. Rg1 R8h7 23. Bb5 Kd8 24. Bd3 Ke7 25. Rf5 R4h5 26. Rgg5
Rxg5 27. Rxg5 Kd6 28. b4 Nh5 0-1

[Event "2. Gap 2008"]
[Site "Gap FRA"]
[Date "2008.04.15"]
[Round "2.17"]
[White "Le Moal, Marie"]
[Black "Cellier, David"]
[Result "0-1"]
[WhiteElo "1709"]
[BlackElo "1470"]
[PlyCount "142"]
[EventDate "2008.04.14"]
[EventType "swiss"]
[EventRounds "9"]
[EventCountry "FRA"]
[Source "lmi"]
[SourceDate "2008.04.14"]

1. e4 c5 2. Nc3 e5 3. g3 Nc6 4. Bg2 Be7 5. d3 Nf6 6. f4 exf4 7. Bxf4 d6 8. Nf3
Bg4 9. Ne2 Qb6 10. Qc1 Nd7 11. Nc3 Nf6 12. O-O Bxf3 13. Bxf3 Nd4 14. Bg2 O-O
15. Re1 Nh5 16. Nd5 Qd8 17. Be3 Nc6 18. Qd2 Nf6 19. Nxe7+ Qxe7 20. Rf1 Ng4 21.
Bf4 Nge5 22. c3 Rac8 23. Bh3 Rc7 24. Bg5 f6 25. Be3 Qf7 26. Qe2 a6 27. a4 Na5
28. Rf5 Nac6 29. Raf1 Qg6 30. Rh5 Ne7 31. Be6+ Kh8 32. Bf4 Rd8 33. d4 cxd4 34.
cxd4 Nd3 35. Rh4 Nxf4 36. Rhxf4 b5 37. e5 Rc2 38. Qf3 dxe5 39. dxe5 Qd3 40.
exf6 Qxf3 41. fxg7+ Kxg7 42. R1xf3 Rd1+ 43. Rf1 Rxf1+ 44. Rxf1 Ng6 45. axb5
axb5 46. Rf7+ Kh6 47. b3 Rc3 48. Rf5 Rc6 49. Bd7 Rc1+ 50. Kg2 b4 51. Rb5 Rd1
52. Be6 Re1 53. Bc4 Ne5 54. Rxb4 Kg5 55. Rb5 Kg4 56. h3+ Kf5 57. Bd3+ Kf6 58.
Bxh7 Re2+ 59. Kf1 Rh2 60. h4 Ng4 61. Rg5 Ne3+ 62. Kg1 Rb2 63. Bg8 Nc2 64. Rg4
Kf5 65. Rf4+ Ke5 66. Rf2 Rb1+ 67. Kh2 Ne3 68. Rd2 Nf1+ 69. Kh3 Nxd2 70. Kg4 Ne4
71. Bc4 Rg1 0-1

[Event "2. Gap 2008"]
[Site "Gap FRA"]
[Date "2008.04.15"]
[Round "3.1"]
[White "Svetushkin, Dmitry"]
[Black "Deleau, Denis"]
[Result "1-0"]
[WhiteElo "2568"]
[BlackElo "2107"]
[PlyCount "69"]
[EventDate "2008.04.14"]
[EventType "swiss"]
[EventRounds "9"]
[EventCountry "FRA"]
[Source "lmi"]
[SourceDate "2008.04.14"]

1. e4 e5 2. Nf3 Nc6 3. Bb5 a6 4. Ba4 Nf6 5. O-O b5 6. Bb3 Bc5 7. c3 d6 8. d3
O-O 9. a4 Rb8 10. axb5 axb5 11. h3 Bb6 12. Bg5 h6 13. Bh4 Be6 14. Nbd2 Ne7 15.
Bxf6 gxf6 16. Nh4 Kh7 17. Qf3 Bxb3 18. Nxb3 Ng6 19. Nf5 Rg8 20. Kh2 Ne7 21. Ng3
Rg6 22. Nh5 Ng8 23. Qe2 d5 24. f4 dxe4 25. Qxe4 Qe7 26. fxe5 fxe5 27. Rf5 c6
28. Raf1 Rf8 29. Nd2 Bc7 30. Kh1 c5 31. Qf3 f6 32. Qe4 Qd6 33. Nf3 Ne7 34. Nh4
Nxf5 35. Nxg6 1-0

[Event "2. Gap 2008"]
[Site "Gap FRA"]
[Date "2008.04.15"]
[Round "3.2"]
[White "Py, Walter"]
[Black "Prie, Eric"]
[Result "0-1"]
[WhiteElo "2101"]
[BlackElo "2520"]
[PlyCount "54"]
[EventDate "2008.04.14"]
[EventType "swiss"]
[EventRounds "9"]
[EventCountry "FRA"]
[Source "lmi"]
[SourceDate "2008.04.14"]

1. d4 d5 2. Nf3 Nf6 3. Bf4 c5 4. e3 Nc6 5. c3 Qb6 6. Qb3 c4 7. Qxb6 axb6 8. Na3
Ra5 9. Bc7 Bf5 10. Nh4 e6 11. Nxf5 Bxa3 12. bxa3 exf5 13. Be2 Rxa3 14. Bxb6 Ne4
15. O-O Kd7 16. Bf3 Nxc3 17. g4 g6 18. gxf5 gxf5 19. Rfc1 Ne4 20. Bc5 Ra6 21.
Bxe4 fxe4 22. Rab1 Rb8 23. Rb6 Rxb6 24. Bxb6 Ra8 25. Rc2 Nb4 26. Rb2 c3 27.
Rxb4 c2 0-1

[Event "2. Gap 2008"]
[Site "Gap FRA"]
[Date "2008.04.15"]
[Round "3.3"]
[White "Ninov, Nikolai"]
[Black "Garnier, Jean-Paul"]
[Result "1-0"]
[WhiteElo "2509"]
[BlackElo "2059"]
[PlyCount "55"]
[EventDate "2008.04.14"]
[EventType "swiss"]
[EventRounds "9"]
[EventCountry "FRA"]
[Source "lmi"]
[SourceDate "2008.04.14"]

1. e4 e5 2. Nf3 Nf6 3. d4 Nxe4 4. Bd3 d5 5. Nxe5 Nd7 6. Qe2 Qe7 7. Nxf7 Qxf7 8.
f3 Ndf6 9. Nd2 Bd6 10. fxe4 Bg4 11. Qf2 dxe4 12. Nxe4 O-O-O 13. O-O Rhf8 14. h3
Bh5 15. Nxf6 gxf6 16. Qf5+ Kb8 17. Qxh7 Qe8 18. Bf4 Bxf4 19. Rxf4 Qe3+ 20. Rf2
Rh8 21. Qe4 Qg3 22. Qf4 Qg7 23. Qxf6 Qg3 24. Re1 Rhg8 25. Re5 Bd1 26. Bh7 Rh8
27. Rg5 Qh4 28. Rg7 1-0

[Event "2. Gap 2008"]
[Site "Gap FRA"]
[Date "2008.04.15"]
[Round "3.4"]
[White "Birens, Eric-Andre"]
[Black "Okhotnik, Vladimir"]
[Result "0-1"]
[WhiteElo "2046"]
[BlackElo "2458"]
[PlyCount "71"]
[EventDate "2008.04.14"]
[EventType "swiss"]
[EventRounds "9"]
[EventCountry "FRA"]
[Source "lmi"]
[SourceDate "2008.04.14"]

1. d4 e6 2. c4 f5 3. Nc3 Nf6 4. e3 b6 5. Bd3 Bb7 6. f3 Bd6 7. Qc2 Nc6 8. a3 a6
9. b4 a5 10. c5 axb4 11. cxd6 bxc3 12. dxc7 Qxc7 13. Rb1 Na5 14. Ne2 Rc8 15.
O-O O-O 16. e4 fxe4 17. fxe4 e5 18. Bg5 d6 19. Ng3 exd4 20. Bxf6 Rxf6 21. Rxf6
gxf6 22. Nf5 d5 23. exd5 Bxd5 24. Qe2 Nc6 25. Rxb6 Kh8 26. Rb1 Rg8 27. Ng3 Ne5
28. Bf5 Bc4 29. Qe4 Bd3 30. Qf4 Bxb1 31. Bxb1 Qb6 32. Ba2 d3+ 33. Kh1 d2 34.
Bb3 Nd3 35. Qf3 d1=R+ 36. Bxd1 0-1

[Event "2. Gap 2008"]
[Site "Gap FRA"]
[Date "2008.04.15"]
[Round "3.5"]
[White "Philippe, Christophe"]
[Black "Mercky, Gilles"]
[Result "1-0"]
[WhiteElo "2407"]
[BlackElo "1905"]
[PlyCount "37"]
[EventDate "2008.04.14"]
[EventType "swiss"]
[EventRounds "9"]
[EventCountry "FRA"]
[Source "lmi"]
[SourceDate "2008.04.14"]

1. e4 e6 2. d4 d5 3. Nc3 Bb4 4. Nge2 Nc6 5. a3 Ba5 6. Be3 Nge7 7. g3 O-O 8. Bg2
Qd7 9. O-O Nd8 10. Nf4 c6 11. Qh5 f5 12. exd5 exd5 13. Rfe1 Rf6 14. Nd3 Nf7 15.
Re2 Bc7 16. Rae1 Bd6 17. Bf4 Ng6 18. Re8+ Bf8 19. Nc5 1-0

[Event "2. Gap 2008"]
[Site "Gap FRA"]
[Date "2008.04.15"]
[Round "3.6"]
[White "Aubert-Roueche, Eric"]
[Black "Borsos, Bogdan"]
[Result "0-1"]
[WhiteElo "1730"]
[BlackElo "2354"]
[PlyCount "72"]
[EventDate "2008.04.14"]
[EventType "swiss"]
[EventRounds "9"]
[EventCountry "FRA"]
[Source "lmi"]
[SourceDate "2008.04.14"]

1. e4 e5 2. Nf3 Nc6 3. Bb5 a6 4. Ba4 d6 5. O-O Bd7 6. c3 Nge7 7. d3 h6 8. Re1
Ng6 9. h3 Be7 10. Be3 Bg5 11. Nxg5 hxg5 12. Qf3 Nf4 13. Bxf4 gxf4 14. d4 g5 15.
d5 Nb8 16. Bxd7+ Nxd7 17. Nd2 Qf6 18. Nf1 g4 19. Qxg4 Ke7 20. Qf3 Rag8 21. Nh2
Rh4 22. Ng4 Qh8 23. Kf1 Rg6 24. Ke2 Qh5 25. Rh1 Qh7 26. Rag1 Rgxg4 27. hxg4
Rxh1 28. Rxh1 Qxh1 29. Qh3 Qb1 30. Qh4+ Ke8 31. Qh8+ Nf8 32. g5 Qxe4+ 33. Kf1
Qb1+ 34. Ke2 Qxb2+ 35. Kf3 Qxc3+ 36. Kg4 Qd3 0-1

[Event "2. Gap 2008"]
[Site "Gap FRA"]
[Date "2008.04.15"]
[Round "3.12"]
[White "Rubino, Adrien"]
[Black "Baron, Vincent"]
[Result "1-0"]
[WhiteElo "1820"]
[BlackElo "1650"]
[PlyCount "83"]
[EventDate "2008.04.14"]
[EventType "swiss"]
[EventRounds "9"]
[EventCountry "FRA"]
[Source "lmi"]
[SourceDate "2008.04.14"]

1. e4 e5 2. Nf3 Nf6 3. Bc4 Nc6 4. Ng5 d5 5. exd5 Na5 6. Bb5+ c6 7. dxc6 bxc6 8.
Be2 h6 9. Nf3 g5 10. Nxe5 Qd5 11. d4 Qxg2 12. Bf3 Qh3 13. Qe2 Qe6 14. Nxc6 Bb7
15. Qxe6+ fxe6 16. Ne5 Nd5 17. Bh5+ Kd8 18. Nf7+ Ke7 19. Nxh8 Nf4 20. Ng6+ Nxg6
21. Rg1 Nh4 22. Rg3 Bg7 23. Bxg5+ hxg5 24. Rxg5 Bxd4 25. Rxa5 Bxb2 26. Rb5 Ng2+
27. Kd1 Rd8+ 28. Nd2 Bxa1 29. Rxb7+ Kf6 30. Kc1 Nf4 31. Rh7 Rg8 32. Ne4+ Ke5
33. Ng3 Bd4 34. Ne2 Bxf2 35. Nxf4 Kxf4 36. Rf7+ Kg5 37. Rxf2 Kxh5 38. Re2 Rg1+
39. Kb2 Rh1 40. Rxe6 Rxh2 41. Re7 a6 42. Rh7+ 1-0

[Event "2. Gap 2008"]
[Site "Gap FRA"]
[Date "2008.04.15"]
[Round "3.25"]
[White "Barneaud, Gabriel"]
[Black "Faure, Jean-Lionel"]
[Result "1-0"]
[WhiteElo "1150"]
[BlackElo "1430"]
[PlyCount "27"]
[EventDate "2008.04.14"]
[EventType "swiss"]
[EventRounds "9"]
[EventCountry "FRA"]
[Source "lmi"]
[SourceDate "2008.04.14"]

1. e4 c5 2. Nf3 d6 3. Nc3 a6 4. g3 e6 5. Bg2 Nf6 6. d4 Bd7 7. e5 Nd5 8. Nxd5
exd5 9. Bg5 Be7 10. Bf4 Qc7 11. O-O Nc6 12. Bg5 Bxg5 13. Nxg5 Qd8 14. Qh5 1-0

[Event "2. Gap 2008"]
[Site "Gap FRA"]
[Date "2008.04.16"]
[Round "4.1"]
[White "Okhotnik, Vladimir"]
[Black "Svetushkin, Dmitry"]
[Result "0-1"]
[WhiteElo "2458"]
[BlackElo "2568"]
[PlyCount "66"]
[EventDate "2008.04.14"]
[EventType "swiss"]
[EventRounds "9"]
[EventCountry "FRA"]
[Source "lmi"]
[SourceDate "2008.04.14"]

1. c4 e5 2. Nf3 Nc6 3. d4 exd4 4. Nxd4 Nf6 5. g3 Bb4+ 6. Bd2 Qe7 7. Nxc6 dxc6
8. a3 Bxd2+ 9. Nxd2 Bf5 10. Bg2 O-O-O 11. Qa4 Rhe8 12. O-O-O Kb8 13. e4 Be6 14.
f3 Nd7 15. Qc2 Ne5 16. Bf1 Rd4 17. Be2 Qf6 18. Qc3 Red8 19. h4 Qg6 20. Qe3 b6
21. g4 Qf6 22. g5 Qe7 23. Qc3 Nd3+ 24. Bxd3 Rxd3 25. Qc2 Qd6 26. h5 c5 27. h6
g6 28. e5 Qxe5 29. Ne4 Qf4+ 30. Kb1 Qxf3 31. Rxd3 Rxd3 32. Re1 Bf5 33. Qe2 Qxe2
0-1